Síntesis Informativa (Record no. 10218)

MARC details
000 -LEADER
campo de control de longitud fija 00317nam a2200133Ia 4500
001 - NÚMERO DE CONTROL
campo de control 1554
008 - DATOS DE LONGITUD FIJA--INFORMACIÓN GENERAL
campo de control de longitud fija 241024s9999 xx 000 0 und d
082 ## - NÚMERO DE LA CLASIFICACIÓN DECIMAL DEWEY
Número de clasificación ARVER 1554
100 ## - ENTRADA PRINCIPAL--NOMBRE DE PERSONA
Nombre de persona [*SIN AUTOR*]
245 #0 - MENCIÓN DEL TÍTULO
Título Síntesis Informativa
260 ## - PUBLICACIÓN, DISTRIBUCIÓN, ETC.
Nombre del editor, distribuidor, etc. Dirección General de Comunicación
901 ## - ELEMENTOS DE DATOS A LOCAL LDA (RLIN)
a 12/3/14

No items available.

© 2024. Todos los Derechos Reservados. Desarrollado por IDEICE